[Event "WchT 3rd"]
[Site "Luzern"]
[Date "1993.??.??"]
[Round "3.1"]
[White "Shirov, Alexei"]
[Black "Kortschnoj, Viktor Lvovich"]
[Result "1/2-1/2"]
[WhiteElo "2685"]
[BlackElo "2625"]
[Annotator "Ftacnik,L"]
[PlyCount "80"]
[EventDate "1993.10.24"]
[EventType "team-tourn"]
[EventRounds "9"]
[EventCountry "SUI"]
[SourceTitle "CBM 038"]
[Source "ChessBase"]
[SourceDate "1994.02.01"]
[SourceVersion "1"]
[SourceVersionDate "1994.02.01"]
[SourceQuality "1"]
[WhiteTeam "Latvia"]
[BlackTeam "Switzerland"]
[WhiteTeamCountry "LAT"]
[BlackTeamCountry "SUI"]

1. e4 e6 2. d4 d5 3. Nc3 Nf6 4. e5 Nfd7 5. Nce2 c5 6. c3 Nc6 7. f4 b5 8. a3 $1
cxd4 (8... b4 9. axb4 (9. dxc5 bxc3 10. b4 $36) 9... cxb4 10. Nf3 $14) 9. Nxd4
Nxd4 10. cxd4 (10. Qxd4 $6 Bc5 11. Qd3 O-O 12. Nf3 f6 $1 13. Nd4 $2 Nxe5 $1 $15
{Shirov,A-Bareev,E/Hastings/1991-92/}) 10... b4 11. a4 Nb6 $6 (11... Qa5 $5)
12. Nf3 (12. b3 $14) 12... Be7 (12... Nc4 $5 13. b3 Na3) 13. b3 a5 14. Bb5+ Nd7
15. O-O Ba6 16. Bxa6 Rxa6 17. Qd3 (17. f5 $5 $36) 17... Rc6 18. Bd2 O-O 19.
Rac1 (19. f5 Qb6 20. Kh1 $1 {/\ f6; 21.fe6 fe6 22.Bg5} f6 $5) 19... Nb8 20. f5
exf5 21. Qxf5 $2 (21. Rxc6 Nxc6 22. Rc1 Qd7 23. Qa6 Rc8 $2 24. e6 $1 Qxe6 25.
Ne5 $18) 21... Qb6 22. Rxc6 $6 (22. Kh1) (22. h4 $14) 22... Nxc6 23. Be3 Nd8
24. Qd7 (24. Bg5 g6 (24... Bxg5 25. Nxg5 Qxd4+ 26. Kh1 Qh4 $1 27. g3 Qh6 $13)
25. Qg4 Bxg5 26. Nxg5 Ne6 $10) 24... Qe6 25. Qxe6 (25. Qb5 Nc6 26. Rc1 Rc8 27.
Ne1 h6 28. Nd3 Bg5 29. Bf2 $10) 25... Nxe6 26. Rc1 Ra8 27. h4 h6 28. g4 Kf8 29.
g5 hxg5 30. Bxg5 Bxg5 31. Nxg5 (31. hxg5 Ke7 32. Rc6 g6 33. Kf2 Ra7 34. Ke3 Rc7
$10) 31... Nxd4 32. Rc7 Kg8 33. Rxf7 Rf8 $2 (33... Nxb3 $1 34. Rd7 (34. e6 Nc5
35. Rc7 Ne4 $17) 34... Nc5 35. Rxd5 Rc8 36. e6 Kf8 $17) 34. Rd7 Nf3+ 35. Kg2 $1
Nxe5 (35... Nxh4+ 36. Kg3 Nf5+ 37. Kh3 $36) 36. Rxd5 Nc6 37. Rc5 Rf6 38. h5 g6
$4 (38... Rh6 39. Nf3 Rf6) 39. Ne4 $4 (39. h6 Rf5 40. Rxf5 gxf5 41. Kf3 Nd4+
42. Kf4 Nxb3 43. Kxf5 {/\ Kg6, Nf7}) 39... Re6 40. hxg6 Rxe4 1/2-1/2

[Event "Antwerp"]
[Site "Antwerp"]
[Date "1993.??.??"]
[Round "3"]
[White "Kortschnoj, Viktor Lvovich"]
[Black "Piket, Jeroen"]
[Result "0-1"]
[WhiteElo "2625"]
[BlackElo "2590"]
[Annotator "Ftacnik,L"]
[PlyCount "92"]
[EventDate "1993.08.??"]
[EventType "tourn"]
[EventRounds "9"]
[EventCountry "BEL"]
[EventCategory "13"]
[SourceTitle "CBM 037"]
[Source "ChessBase"]
[SourceDate "1993.12.01"]
[SourceVersion "1"]
[SourceVersionDate "1993.12.01"]
[SourceQuality "1"]

1. d4 d5 2. c4 c5 3. cxd5 Nf6 4. dxc5 (4. Nf3 cxd4 5. Qa4+ Qd7 6. Qxd4 Qxd5 7.
Nc3 Qxd4 8. Nxd4 a6 9. g3 e5 10. Nb3 Nc6 11. Bg2 Be6 12. O-O O-O-O 13. Be3 Nd5
14. Nxd5 Bxd5 15. Rfc1 Bxg2 16. Kxg2 Rd5 17. Nd2 Bd6 18. Nc4 Bc7 19. Bb6 Bb8
20. e4 Rd3 21. Kf1 f6 22. Ke2 Rd7 23. Na5 Rd6 24. Nxc6 $14 {Vokac,M-Biolek,R/
CSR-ch (11)/1992/0.5 (70)}) (4. e4 Nxe4 5. dxc5 (5. Bc4 Qa5+ 6. Bd2 Nxd2 7.
Nxd2 b5 8. Be2 Nd7 9. Ngf3 g6 10. O-O Bg7 11. a4 bxa4 12. Rxa4 Qd8 13. Bb5 O-O
14. Bc6 Rb8 15. Rxa7 cxd4 16. Nc4 Nb6 17. Nxb6 Qxb6 18. Rxe7 Qxb2 19. h3 {
Barczay,L-Barcza,G/Hungary/1969/1-0 (19)}) 5... Nxc5 6. Nf3 e6 7. Nc3 exd5 8.
Qxd5 Qe7+ 9. Be3 Nc6 10. Bb5 Bd7 11. O-O Ne6 12. Ne5 Nxe5 13. Qxe5 Bxb5 14.
Nxb5 a6 15. Rad1 Rd8 16. Bb6 Rxd1 17. Rxd1 f6 18. Qf5 g6 19. Nc7+ Kf7 {
Portisch,L-Bronstein,D/Monte Carlo/1969/1-0 (20)}) 4... Qxd5 5. Qxd5 Nxd5 6. e4
Nb4 7. Na3 e5 8. Nf3 (8. Be3 N8a6 9. Bb5+ Bd7 10. Bxd7+ Kxd7 $13) 8... f6 9.
Bd2 N8c6 (9... Bxc5 $6 10. Rc1 b6 11. Nb5 $36) 10. Bb5 (10. Rc1 Nxa2 11. Rc4
Be6 12. Ra4 $6 Bb3 $1) 10... Bxc5 11. Ke2 (11. Rc1 Bd6) 11... Ke7 12. Rhc1 b6
$1 (12... Bd6 13. Nc4) 13. Nc4 Ba6 14. Bxa6 (14. Bxb4 Bxb5 15. Bxc5+ bxc5 16.
Ke3 Rhd8 $13) 14... Nxa6 15. Ne3 (15. a3 Rhc8 16. b4 Nd4+ $132) 15... Bxe3 (
15... Rhc8 16. Nd5+) 16. Kxe3 (16. Rxc6 Bxd2 17. Nxd2 Rhc8 18. Rac1 Rxc6 19.
Rxc6 Kd7 $10) (16. Bxe3 Rhc8 17. Rc3 Ncb4 18. a3 $6 Rxc3 19. axb4 Rc2+ 20. Kd1
Nxb4 $17) 16... Rhc8 17. Rc4 Nd8 18. Rac1 Rxc4 19. Rxc4 Ne6 20. b4 Nac7 21. g3
(21. a4 b5 22. axb5 Nxb5 $10) 21... Nb5 22. Nh4 g6 23. f4 Nd6 24. Rc1 b5 $1 25.
f5 $6 (25. fxe5 Nc4+ 26. Ke2 fxe5 $36) 25... Nc4+ $1 (25... gxf5 26. Nxf5+
Nxf5+ 27. exf5 Nd4 28. Rc7+ Kd6 29. Rxh7 $16) (25... Nf8 26. Kf3 $14) 26. Rxc4
(26. Ke2 Nd4+ 27. Kd1 g5 28. Ng2 Rd8 $19) 26... bxc4 27. fxe6 Rd8 28. Ng2 (28.
Nf3 Rd3+ 29. Ke2 Ra3 $17) 28... Rd3+ 29. Ke2 Ra3 30. Ne3 Rxa2 (30... c3 $2 31.
Bxc3 $1) 31. Nxc4 a6 (31... Kxe6 32. b5 $15) 32. h4 Kxe6 33. Kd3 Ra1 34. Be3
Rb1 35. Bc5 Rb3+ 36. Kc2 Rxg3 37. Na5 Rg4 38. Nc6 Rxe4 39. Nb8 a5 $1 40. Kd3 (
40. bxa5 Rc4+ $19) 40... Rxb4 41. Bxb4 axb4 42. Na6 b3 43. Nc5+ Kf5 44. Kc3 (
44. Nxb3 Kg4 45. Ke4 Kxh4 $19) 44... Kg4 45. Nd7 Kxh4 46. Nxf6 h5 (46... h5 47.
Kxb3 Kg5 48. Ne4+ Kf4 49. Nc5 h4 $19) 0-1

[Event "Ostrava"]
[Site "Ostrava"]
[Date "1994.??.??"]
[Round "8"]
[White "Kortschnoj, Viktor Lvovich"]
[Black "Ftacnik, Lubomir"]
[Result "1/2-1/2"]
[WhiteElo "2615"]
[BlackElo "2565"]
[Annotator "Stohl,I"]
[PlyCount "94"]
[EventDate "1994.06.??"]
[EventType "tourn"]
[EventRounds "11"]
[EventCountry "CZE"]
[EventCategory "11"]
[SourceTitle "CBM 042"]
[Source "ChessBase"]
[SourceDate "1994.10.01"]
[SourceVersion "1"]
[SourceVersionDate "1994.10.01"]
[SourceQuality "1"]

1. c4 Nf6 2. Nc3 c5 3. Nf3 e6 4. g3 b6 5. Bg2 Bb7 6. O-O Be7 7. Re1 Ne4 $5 8.
Nxe4 (8. Qc2 Nxc3 9. dxc3 (9. Qxc3 Bf6 10. Qc2 Nc6 11. a3 O-O 12. Rb1 a5 13. d3
d5 14. Bd2 Rc8 15. cxd5 Qxd5 16. Qa4 Qd6 17. Bf4 (17. Bc3 $142) 17... e5 18.
Be3 Ne7 19. b4 cxb4 20. axb4 Nd5 $15 {Lobron,E-Adams,M/Brussels SWIFT 5'/1992/}
) 9... Nc6 10. e4 d6 11. Nd2 O-O 12. f4 a6 13. a4 Qd7 14. Nf1 Na5 15. Ne3 b5
16. b3 bxc4 17. bxc4 Rab8 18. Rd1 Bc6 19. Ra2 Qb7 20. Rb2 Qd7 21. Ra2 $10 {
Vaganian,R-Ftacnik,L/Manila olm/1992/}) 8... Bxe4 9. d3 Bb7 10. e4 Nc6 11. d4 (
11. Be3 $6 d6 12. d4 e5 $1 $15) 11... cxd4 12. Nxd4 Nxd4 (12... O-O 13. Nb5 $5
d6 14. Bf4 Ne5 15. b3 a6 16. Nc3 $14) 13. Qxd4 O-O 14. Bf4 (14. b3 Qc7 $5 (
14... d6 $6 15. Bb2 Bf6 16. e5 $1 Bxg2 (16... Bxe5 17. Rxe5 Bxg2 18. Rxe6 Qg5
19. h4 $18) 17. exf6 $16 {->}) (14... Bc5 $5 15. Qc3 Qe7 16. a3 a5 17. Bb2 f6
18. Re2 Bc6 19. a4 Qf7 20. Ba3 Qh5 21. Rd2 Rf7 22. Bxc5 Qxc5 23. Rad1 Raf8 $10
{Vaganian,R-Yermolinsky,A/Tilburg/1993/}) 15. Bb2 Bf6 16. e5 Be7 $10 {/\f6<=>})
14... d6 15. Qd3 (15. Qd2 Qc7 16. Rac1 Rfd8 17. h4 Rac8 18. b3 Bc6 19. Qe2 Qb7
20. Kh2 a6 21. Bd2 b5 22. cxb5 axb5 23. Bc3 d5 $10 {Zlotnikov-Wells/Lloyds
Bank/1982/}) 15... Qc7 16. Rac1 a5 $5 (16... Rfd8 17. b4 $5 {(),/\c5}) 17. Red1
Rfd8 18. Be3 Bc6 19. Qb3 Rab8 $10 20. Bd4 Qb7 21. Re1 (21. Qe3 b5 $132) 21...
e5 22. Bc3 a4 $1 23. Qd1 (23. Qc2 b5 $10) 23... f5 $5 (23... b5 24. cxb5 Qxb5
$10) 24. b4 $5 (24. f3 Rf8 $132 {|^e4}) 24... axb3 25. axb3 fxe4 26. Qg4 (26.
Qc2 e3 27. fxe3 Bxg2 28. Qxg2 Qxg2+ 29. Kxg2 b5 $10) 26... e3 27. Bxe5 $1 $8
exf2+ (27... dxe5 $1 28. Qe6+ Kh8 29. Bxc6 Qc8 $5 30. Qxc8 Rbxc8 31. Be4 (31.
Bd5 Bb4 $1 32. fxe3 $8 (32. Red1 e2 33. Re1 Rxd5 $1 $19) (32. Rxe3 Rxd5) 32...
Bxe1 33. Rxe1 $44) 31... Rd4 $5 (31... Bb4 32. Re2 Rd4 33. Bg2 $10) 32. Rxe3
Bg5 33. Rce1 Bxe3 34. Rxe3 {/\Bd5~/=}) 28. Kxf2 Rf8+ 29. Kg1 dxe5 $8 30. Qe6+
Kh8 31. Bxc6 Bc5+ 32. Kh1 Qc7 33. Rf1 (33. Rxe5 $2 Rf6 $19) 33... Qd6 $10 34.
Qxd6 Bxd6 35. Kg2 g6 36. h4 Bc5 37. Bd5 Rxf1 38. Rxf1 Rf8 39. b4 $5 (39. Rxf8+
Bxf8 40. Kf3 Bc5 41. Ke4 Bf2 $10) 39... Bxb4 40. Rxf8+ Bxf8 41. g4 Be7 42. h5
Kg7 43. hxg6 hxg6 44. Kf3 Kf6 45. Ke4 Bc5 46. Bg8 Kg5 47. Bf7 Kxg4 1/2-1/2

[Event "EU-chT (Men) 10th"]
[Site "Debrecen"]
[Date "1992.11.??"]
[Round "1.1"]
[White "Kortschnoj, Viktor Lvovich"]
[Black "Kasparov, Garry"]
[Result "1/2-1/2"]
[WhiteElo "2585"]
[BlackElo "2780"]
[Annotator "Bulletin"]
[PlyCount "87"]
[EventDate "1992.11.20"]
[EventType "team-swiss"]
[EventRounds "9"]
[EventCountry "HUN"]
[SourceTitle "EU-chT"]
[Source "ChessBase"]
[SourceDate "1999.07.01"]
[SourceVersion "2"]
[SourceVersionDate "1999.07.01"]
[SourceQuality "1"]
[WhiteTeam "Switzerland"]
[BlackTeam "Russia"]
[WhiteTeamCountry "SUI"]
[BlackTeamCountry "RUS"]

1. d4 Nf6 2. c4 g6 3. Nc3 Bg7 4. e4 d6 5. Be2 O-O 6. Nf3 e5 7. O-O Nc6 8. d5
Ne7 9. Ne1 Ne8 10. Be3 (10. Nd3) 10... f5 11. f3 f4 12. Bf2 h5 13. c5 g5 14. a4
$1 Ng6 15. a5 $5 {N} (15. Rc1) 15... Bh6 $5 16. b4 $1 (16. c6 bxc6 17. dxc6 a6
$1 $13) 16... Kh7 17. cxd6 (17. a6 $5 b6 18. Bb5) 17... cxd6 18. Nb5 g4 (18...
a6 19. Na3 g4 20. Nc4 $13) 19. fxg4 hxg4 20. Bxg4 Bxg4 21. Qxg4 Nf6 22. Qf3 (
22. Qf5 $5 Nxd5 (22... a6 $2 23. Bb6 $1 Qe7 24. Nc7) (22... Rc8 $6 23. Nf3 $1
$16 (23. Bxa7 $6 Rc4 24. Bb6 Qe7 $132)) 23. Qe6 Nxb4 (23... Nc7 $2 24. Nxc7
Qxc7 $16) 24. Nf3 $14) 22... Qd7 $1 23. Nxa7 $1 (23. Nc3 $6 Rac8 $40) 23... Ng4
24. b5 $1 (24. Qh3 $2 f3 $1 $17 25. g3 (25. Nxf3 Nf4 26. Qh4 Rg8 $5 (26... Qg7)
) 25... Rg8 $36 {/\} 26. Nxf3 Nf4 27. Qh4 Nxf2 28. Kxf2 Rg4) 24... Nxf2 (24...
Ne3 $2 25. b6 $1 $16) 25. Qxf2 f3 $1 $132 26. Nxf3 Qg4 27. b6 (27. Rae1 $2 Nf4)
(27. a6 $2 Nf4) (27. Kh1 $5 Qxe4 28. a6 bxa6 $1 $13 (28... Be3 $2 29. axb7))
27... Qxe4 28. Rfe1 Qxd5 29. Qc2 $1 Rae8 $1 $8 30. Rad1 (30. Red1 Qe6 31. Nb5 (
31. Qc7+ Re7 32. Qxd6 Qg4 $132) 31... e4 32. Nc7 Qg4 33. Nxe8 exf3 34. Nxd6 Kh8
$1 (34... Bf4 35. Ne4 $1 $16 (35. Kh1 Bxh2 $1 36. Kxh2 Qh5+ 37. Kg1 fxg2 38.
Qxg2 Nf4 $10 39. Qe4+ Kh8 40. Qd4+ Kh7 41. Qe4+)) 35. Ne4 (35. h3 $5 Qh5 $1 $13
) 35... Nf4 36. g3 Ne2+ $1 37. Kh1 Qh3 38. Rg1 Be3 $13) 30... Qxa5 31. Qc7+ (
31. Rxd6 $4 Qxe1+ $1 32. Nxe1 Be3+ 33. Kh1 Rf1#) 31... Re7 32. Qxd6 e4 (32...
Ref7 $2 33. Ra1 $1 $18 (33. Nxe5 $4 Qxe1+)) 33. Nh4 Rg7 34. Nxg6 (34. Rxe4 $2
Qa2 $1 35. Qd3 (35. Nf3 $2 Rxf3 $1) 35... Rd8 $3 36. Qxd8 Nxh4 37. Rg4 $1 (37.
Rd2 $2 Nf3+ $19) 37... Rxg4 38. Rd7+ Bg7 (38... Rg7 39. Rxg7+ Kxg7 40. Qxh4
Qb1+ 41. Kf2 Qxb6+ 42. Ke2 $1 $10) 39. Rxg7+ $1 Rxg7 40. Qxh4+ $10) 34... Rxg6
35. Qe7+ Bg7 36. Qh4+ Kg8 37. Qxe4 Rxb6 $1 $10 (37... Qxb6+ $2 38. Kh1 $16 Rgf6
39. Qc4+ Kh8 40. Nc8) 38. Qd5+ Qxd5 39. Rxd5 Rb2 $1 40. Rf1 (40. Nb5 Bh6 $1)
40... Bh6 (40... Ra8 $5 41. Nb5 Raa2 42. Rg5 Ra5 43. Rff5 Ra1+ 44. Rf1 Ra5 $10)
41. Rxf8+ Kxf8 42. Rf5+ Ke7 43. Nb5 Be3+ 44. Kf1 (44. Kf1 Ke6 45. Rf3 Rb1+ 46.
Ke2 Bg1 $10) 1/2-1/2

[Event "Biel"]
[Site "Biel"]
[Date "1986.07.30"]
[Round "9"]
[White "Miles, Anthony John"]
[Black "Kortschnoj, Viktor Lvovich"]
[Result "1/2-1/2"]
[WhiteElo "2570"]
[BlackElo "2650"]
[Annotator "Dolmatov,S"]
[PlyCount "131"]
[EventDate "1986.07.20"]
[EventType "tourn"]
[EventRounds "11"]
[EventCountry "SUI"]
[EventCategory "12"]
[SourceTitle "MCL"]
[Source "ChessBase"]
[SourceDate "1999.07.01"]
[SourceVersion "1"]
[SourceVersionDate "1999.07.01"]
[SourceQuality "1"]

1. Nf3 Nf6 2. c4 e6 3. g3 a6 4. Bg2 b5 5. b3 Bb7 6. O-O c5 7. Bb2 Be7 8. Nc3 d5
(8... bxc4 9. bxc4 Nc6 10. d3 O-O $10 {Adamski,A-Romanishin,O/Kiev/1978/}) 9.
d4 (9. cxb5 $5 d4 10. bxa6 Bxf3 (10... Nxa6 11. Nb5 $14) 11. Bxf3 dxc3 12. Bxa8
cxb2 13. a7 $1 bxa1=Q 14. Qxa1 Nbd7 15. Bc6 O-O 16. a8=Q Qxa8 17. Bxa8 Rxa8 $14
) 9... dxc4 10. bxc4 cxd4 11. Nxd4 Bxg2 12. Kxg2 b4 (12... bxc4 13. Qa4+ Qd7
14. Qxc4 Qb7+ 15. Kg1 Qxb2 $2 16. Rab1 Qa3 17. Qc8+ Bd8 18. Nc6 $16) 13. Na4
Qc7 14. a3 Nc6 15. Nxc6 Qxc6+ 16. Kg1 a5 17. axb4 axb4 $10 18. Qb3 O-O 19. c5
Rfb8 (19... Bxc5 20. Rfc1 Nd7 21. Nxc5 Nxc5 22. Qxb4 $16) 20. Rfc1 Ne4 21. Bd4
Bf6 22. Bxf6 Nxf6 23. Rc4 Nd5 24. Ra2 (24. e4 $2 Nc3 25. Rxb4 Rxb4 26. Qxb4
Nxa4 $19) 24... f5 (24... Nc3 $2 25. Nxc3 bxc3 26. Rxa8 Qxa8 27. Rb4 Rxb4 28.
Qxb4 Qa1+ (28... c2 29. Qb2 $16) 29. Kg2 h6 30. Qc4 $1 $16) 25. f3 Rb5 26. e4
fxe4 27. fxe4 Nf6 28. Re2 (28. Rxb4 $2 Rxb4 29. Qxb4 Nxe4 30. Qb6 Qd5 $17)
28... Rba5 29. Nb6 Rxc5 30. Qxb4 Rxc4 31. Nxc4 Nxe4 32. Ne5 Qc1+ 33. Re1 (33.
Kg2 $2 Rf8 $17) 33... Qc5+ 34. Qxc5 Nxc5 35. Rc1 $15 Ra5 36. Nc6 Nd3 37. Rf1
Ra8 38. Ne7+ Kh8 39. Rd1 Ra3 40. Rb1 g5 41. Rb6 Ra1+ 42. Kg2 Re1 43. Kf3 h5 44.
h3 Ne5+ (44... Kg7 45. Rb7 Kf6 46. Ng8+ Ke5 47. Rb5+ Kd4 48. Rxg5 e5 49. Rxh5
e4+ 50. Kg2 Re2+ 51. Kg1 $10) 45. Kf2 Re4 46. Rb7 h4 47. gxh4 gxh4 48. Nc8 Kg8
49. Rb5 Nc4 50. Nb6 Rf4+ 51. Ke2 Nxb6 52. Rxb6 Kf7 53. Ke3 $10 Ra4 54. Kf3 Kf6
55. Rb8 Kf5 56. Rf8+ Ke5 57. Rh8 Re4 58. Rh7 Rf4+ 59. Ke3 Ra4 60. Kf3 Kd5 61.
Rd7+ Kc6 62. Rd8 Ra3+ 63. Kg4 Rg3+ 64. Kxh4 Rg1 65. Rd4 e5 66. Rg4 1/2-1/2

[Event "Leon"]
[Site "Leon"]
[Date "1994.??.??"]
[Round "7"]
[White "Ubilava, Elizbar"]
[Black "Kortschnoj, Viktor Lvovich"]
[Result "1-0"]
[WhiteElo "2535"]
[BlackElo "2615"]
[Annotator "Horn,Pe"]
[PlyCount "107"]
[EventDate "1994.05.??"]
[EventType "tourn"]
[EventRounds "9"]
[EventCountry "ESP"]
[EventCategory "12"]
[SourceTitle "CBM 042"]
[Source "ChessBase"]
[SourceDate "1994.10.01"]
[SourceVersion "1"]
[SourceVersionDate "1994.10.01"]
[SourceQuality "1"]

1. g3 Nf6 2. Nf3 d5 3. Bg2 c5 4. c4 d4 5. d3 Nc6 6. O-O Bf5 $6 (6... e5 $10) 7.
Qb3 (7. b4 $5) 7... Qc7 (7... Qb6 $5 8. Qxb6 axb6 9. Na3 $14 Nb4 $2 10. Nb5
Rxa2 11. Rxa2 Nxa2 12. Ne5 Bc8 $2 13. Bd2 $18) 8. e4 Bg4 (8... dxe3 $5 9. Bxe3
$6 {/\ d4+/-} (9. fxe3 $1) 9... e5 10. Nc3 Be7 (10... Bxd3 $2 11. Nb5 Qd7 12.
Rfd1 e4 13. Ne1 a6 14. Nxd3 axb5 (14... exd3 15. Rxd3 Qc8 16. Nd6+ Bxd6 17.
Rxd6 $18) 15. Nxc5 $18) 11. Nd5 (11. Bg5 O-O 12. Bxf6 Bxf6 13. Nd5 Qd7 $13)
11... Nxd5 12. cxd5 Nd4 13. Nxd4 cxd4 14. Bd2 O-O $13) 9. Nh4 (9. e5 $6 Nd7 10.
Bf4 Qb6) (9. h3) 9... e5 10. f4 (10. Nf5 h6 11. h3 Bh5) 10... Be7 11. Nd2 (11.
Nf5 $5) 11... exf4 12. gxf4 Nh5 13. Nf5 Bxf5 (13... O-O $5) 14. exf5 g6 (14...
Nxf4 $2 15. Rxf4 Qxf4 16. Qxb7 Qe3+ 17. Kh1 $18) 15. Nf3 gxf5 $2 (15... Ng7 $2
16. fxg6 (16. Ne5 Nxf5 17. Qxb7 Qxb7 18. Bxc6+ Qxc6 19. Nxc6 $13) 16... hxg6
17. Ne5 $1 Rc8 (17... Nxe5 18. fxe5 Ne6 19. Qxb7) 18. Bd5 Nxe5 19. fxe5 Ne6 20.
Qxb7 Qxb7 21. Bxb7 $16) (15... Bd6 $5 16. Re1+ Kf8 17. Ne5 Nxe5 $2 (17... Kg7
18. Nxc6 bxc6 19. Qa4 $13) 18. fxe5 Bxe5 19. Rxe5 Qxe5 20. Bh6+ Kg8 21. Qxb7
Rb8 22. Qxa7 $16) 16. Ne5 $1 Rg8 17. Kh1 Rxg2 (17... Nxe5 18. fxe5 O-O-O 19.
Rxf5 $16) (17... O-O-O 18. Nxc6 bxc6 19. Bf3 $18) 18. Kxg2 Nxe5 19. fxe5 Qc6+ (
19... Qxe5 20. Qd1 $16) 20. Kh3 (20. Kf2 $2 Bh4+ $19) (20. Kg1 $2 O-O-O {
/\ Rg8-+}) (20. Rf3 O-O-O 21. Qd1 Rg8+ 22. Kf1 $13) 20... O-O-O 21. Qd1 Ng7 22.
Qf3 Qg6 23. Bd2 h6 24. Rg1 Bg5 25. Raf1 Ne6 26. Bxg5 hxg5 (26... Nxg5+ 27. Rxg5
Qxg5 28. Qxf5+ $16 {><f7,h6}) 27. Qxf5 Qh5+ 28. Kg2 Rh8 29. h3 Kb8 30. Rf3 Nf4+
31. Rxf4 $8 gxf4 32. Qxh5 Rxh5 33. Rf1 Rg5+ $2 (33... Rxe5 34. Rxf4 Re2+ (34...
Re3 $2 35. h4 Rxd3 36. h5 Re3 (36... Rd2+ 37. Rf2 $18) 37. h6 Re8 38. h7 Rh8
39. Rxf7 {/\ Rg8+-} a6 40. Kf3 Ka7 41. Ke4 Kb6 42. Kf5 Rd8 43. Kg6 d3 44. Rf1
d2 45. Rd1 Rd6+ 46. Kg5 Rd8 47. Rxd2 $18) 35. Rf2 Re3 36. h4 Rxd3 37. h5 (37.
Re2 Rd1 38. h5 d3 39. Re5 Rd2+ 40. Kg3 Rd1) 37... Re3 38. h6 Re8 39. h7 (39.
Rxf7 $2 d3 $8 40. Kf2 d2 41. Rd7 Rh8 $10) 39... d3 40. Kf3 (40. Rxf7 $2 d2 41.
Rd7 Rh8 $10) 40... Rh8 41. Rh2 Kc7 42. Ke3 Kd6 43. Kxd3 (43. Rh5 f5 $1 44. Kxd3
Ke5 45. Ke3) 43... Ke5 (43... Ke7 44. Ke4 Kf6 45. Kd5 b6 46. Kc6 $18) 44. Rh5+
(44. Ke3 Kf6 45. Ke4 Kg7 46. Kd5 Rc8 47. h8=Q+ Rxh8 48. Rxh8 Kxh8 49. Kxc5 f5
$10) 44... f5 45. Ke3 Kf6 (45... b6 46. b3 a6 47. a3 b5 48. cxb5 axb5 49. a4
bxa4 50. bxa4 c4 51. a5 $18) 46. Kf4 Kg6 47. Rh2 (47. Rg5+ Kh6 48. Rxf5 Rxh7
49. Rxc5 Kg6 $16) 47... Kf6 48. a4 (48. Rh6+ Kg7 49. Rd6 Kxh7 50. Rd7+ Kg6 51.
Rxb7 Rh4+ 52. Kf3 Rxc4 53. Rxa7 $10) (48. Rh1 Kg6 49. Ke5 Re8+ $1 50. Kd6 Rh8
51. Kxc5 Rxh7) 48... Kg6 49. a5 Kf6 50. b3 Kg6 51. Rh1 Kf6 52. a6 bxa6 53. Rh6+
Kg7 54. Rxa6 Kxh7 55. Rxa7+ Kg6 56. Ra6+ Kf7 $14) 34. Kf3 Rxe5 35. Kxf4 Re6 (
35... Re3 36. Rh1 $18) 36. Rh1 Kc7 37. h4 Rh6 38. Kg5 Rg6+ 39. Kf5 Rh6 40. h5
Kd7 (40... f6 41. Ke6 {/\ Kf7-g7 +-}) 41. Kg5 Rh7 42. h6 Ke8 43. a3 a5 44. b3
Kf8 45. Re1 Rh8 46. Kh5 Rh7 47. Re2 b6 48. b4 cxb4 49. axb4 axb4 50. Rb2 f5 51.
Rxb4 Rf7 52. Rxb6 Kg8 53. c5 f4 54. c6 1-0

[Event "Novi Sad ol (Men)"]
[Site "Novi Sad"]
[Date "1990.??.??"]
[Round "1"]
[White "Seirawan, Yasser"]
[Black "Kortschnoj, Viktor Lvovich"]
[Result "1/2-1/2"]
[WhiteElo "2635"]
[BlackElo "2630"]
[Annotator "Seirawan,Y"]
[PlyCount "48"]
[EventDate "1990.11.17"]
[EventType "team-swiss"]
[EventRounds "14"]
[EventCountry "YUG"]
[SourceTitle "TD"]
[Source "ChessBase"]
[SourceDate "1994.03.01"]
[SourceVersion "1"]
[SourceVersionDate "1994.03.01"]
[SourceQuality "1"]

1. d4 Nf6 2. c4 e6 3. Nc3 Bb4 4. Qc2 c5 5. dxc5 Na6 6. a3 Qa5 $5 {Piket} 7. Bd2
Nxc5 8. Rc1 $5 (8. Rb1 Bxc3 9. Bxc3 Qa4 10. Qxa4 (10. b3 $5 Qxa3 11. f3 d5 12.
b4 Na4 13. Bxf6 gxf6) 10... Nxa4 11. Bd2 Ne4 $10) (8. Rd1 Bxc3 9. Bxc3 Qa4 10.
Qxa4 Nxa4 11. Be5 b6 $1 (11... Ng4 $5 12. Bxg7 Rg8 13. Bd4 e5 14. h3 exd4 15.
hxg4 Rxg4 16. b3 (16. Rxh7 $143 $14)) 12. e3 Ba6 13. b3 Nc5 14. b4 Na4 15. Nf3
Rc8 16. Nd2 d5 $1 $10) (8. e4 $1 Bxc3 (8... d6 9. Nge2 Bd7 10. Nd4 $1 (10. Rd1
$2 Ba4 11. axb4 Bxc2 12. bxa5 Nd3#) (10. Rb1 Ba4 11. b3 Bxb3 12. Rxb3 Nxb3 13.
Qxb3 Qxa3 14. Qxa3 Bxa3 15. Nb5 Bc5 16. Nc7+ Kd7 17. Nxa8 Nxe4 $1 18. Be3 Bxe3
19. fxe3 Rxa8 $15) 10... Bxc3 11. Bxc3 Qb6 12. f3 Na4 13. Rd1 $14) 9. Bxc3 Qa4
10. Qxa4 Nxa4 11. e5 Ne4 (11... Nxc3 12. exf6 Na4 13. fxg7 Rg8 14. b3 $5 Nc5
15. b4 Na4 $14) 12. Bd4 Nec5 13. O-O-O $5 Nb3+ 14. Kc2 Nxd4+ 15. Rxd4 $14) 8...
Bxc3 9. Bxc3 Qa4 10. b4 Qxc2 11. Rxc2 Na4 $1 (11... Nce4 $6 12. Ba1 $1 d5 13.
c5 h6 14. Nf3 Ng5 15. h4 Ngh7 16. e3 $16) 12. Bxf6 $5 (12. Be5 Ke7 $1 13. Rd2
Ne8 14. e4 d6 15. Bg3 b6 $1 {<->c4}) (12. Ba1 $143 $5) (12. Bd4 $142 d6 13. f4
$5 b6 $5 14. Nf3 Bb7 15. e3 $14) 12... gxf6 13. e4 a5 $1 14. Bd3 Rg8 $6 (14...
d6 $142 15. f4 $1 Ke7 16. Kf2 Bd7 17. Nf3 axb4 18. axb4 Nb6 $10 {/^a}) 15. Ne2
(15. f4 $142 $1 d6 16. Kf2 $14) 15... Rxg2 $3 16. Ng3 axb4 17. axb4 (17. Bf1 $2
b3 $1) 17... Nc5 18. Bf1 Nd3+ $1 19. Bxd3 (19. Ke2 $2 Rxf2+ 20. Kxd3 Ra3+ 21.
Rc3 Rf3+) 19... Rxg3 20. hxg3 Ra1+ 21. Kd2 Rxh1 22. Ra2 $146 {<->c8} d6 $1 (
22... Kd8 $2 23. c5 Kc7 24. b5 Rh5 25. b6+ Kb8 26. Rc2 $16) 23. Ra8 Kd7 $1 (
23... Kd8 $2 24. e5 $1 dxe5 25. Be4 $18) 24. Bc2 {P 25. a4, 26. e8} Rf1 {
25. e2 c1=} 1/2-1/2